Culture Générale - Série 2227 - Statistiques

Statistiques générales
  • Ce quiz a été pris 121 fois
  • Le résultat moyen est 6 sur 10
Statistiques - réponses
Question Réponse % Correct
Recevoir une volée de coups, c'est prendre une .... (argot) - 6 lettres commençant par " r " rouste
74%
De quel département français Bourg en Bresse est-il la Préfecture ? Ain
70%
Dans le roman Vingt Mille Lieues sous les mers, comment s'appelle le sous-marin du Capitaine Nemo ? Nautilus
68%
Aux échecs, quel terme désigne une partie nulle - lorsque le roi ne peut plus bouger ? pat
62%
Quelle est la capitale du Burkina Faso ? Ouagadougou
61%
Quel ajectif signifie "Qui est fait d'un mélange bizarre d'éléments disparates" - 11 lettres commençant par " h " hétéroclite
53%
A quelle déesse de la mythologie grecque, associe-t-on la chevêche ? voir photo Athéna
49%
Quel nom portait le Burkina Faso jusqu'en 1984 ? Haute Volta
47%
Quel adjectif peut désigner un parfum enivrant, qui monte à la tête ? 8 lettres commençant par " c " capiteux
35%
Selon la mythologie grecque, de quel animal Zeus a-t-il pris l'apparence pour séduire "Léda", épouse du roi de Sparte ? cygne
35%
Aucun quiz correspondant
Distribution des résultats
% des personnes avec chaque résultat
Percentile par nombre de réponses
Votre historique - résultats
Vous n’avez pas pris ce quiz